[Event "TCh-RUS Women 2020"]
[Site "Sochi RUS"]
[Date "2020.11.27"]
[Round "8.1"]
[Board "4"]
[White "Voit, Daria"]
[Black "Bulatova, Kamaliya"]
[Result "1-0"]
[WhiteTitle "WGM"]
[BlackTitle "WFM"]
[WhiteElo "2353"]
[BlackElo "2143"]
[WhiteTeam "FShM (Moskva)"]
[BlackTeam "Ladya (Respublika Tatarstan)"]
[WhiteFideId "4182146"]
[BlackFideId "34111546"]
[EventDate "2020.11.19"]

1. Nf3 Nf6 2. c4 g6 3. g3 Bg7 4. Bg2 O-O 5. O-O c5 6. d4 cxd4 7. Nxd4 Nc6 8. Nc3
Nxd4 9. Qxd4 d6 10. Qd2 Rb8 11. b3 a6 12. a4 Bd7 13. Bb2 Bc6 14. e4 Nd7 15. Nd5
Bxb2 16. Qxb2 b5 17. Nb4 Bb7 18. cxb5 Qa5 19. Nxa6 Bxa6 20. b4 Qb6 21. bxa6 Nc5
22. b5 Nxa6 23. e5 Rfc8 24. exd6 Qxd6 25. Rfd1 Qe6 26. Qa2 Qxa2 27. Rxa2 Nc5 28.
Bc6 Rc7 29. a5 Kg7 30. a6 Ra7 31. Rd5 Ne6 32. Rd7 Nc7 33. Rxc7 Rxc7 34. a7 1-0

[Event "TCh-RUS Women 2020"]
[Site "Sochi RUS"]
[Date "2020.11.27"]
[Round "8.2"]
[Board "1"]
[White "Kochukova, Anna"]
[Black "Girya, Olga"]
[Result "0-1"]
[WhiteTitle "WFM"]
[BlackTitle "WGM"]
[WhiteElo "2111"]
[BlackElo "2469"]
[WhiteTeam "Turbonasos (Voronezhskaya oblast)"]
[BlackTeam "Yugra (KhMAO-Yugra)"]
[WhiteFideId "24173932"]
[BlackFideId "4195752"]
[EventDate "2020.11.19"]

1. e4 e5 2. Nf3 Nc6 3. Bb5 a6 4. Ba4 Nf6 5. d3 Bc5 6. O-O d6 7. c3 O-O 8. h3 Ba7
9. Re1 Nh5 10. Bg5 f6 11. Be3 Bxe3 12. fxe3 g6 13. Nbd2 Kh8 14. d4 Bd7 15. Bc2
Qe8 16. Kh2 f5 17. Qe2 f4 18. exf4 Nxf4 19. Qe3 Qe7 20. dxe5 dxe5 21. Ba4 Rad8
22. Rad1 b5 23. Bc2 g5 24. Nb3 g4 25. hxg4 Bxg4 26. Rxd8 Qxd8 27. Bd1 Bxf3 28.
Bxf3 Qh4+ 29. Kg1 Rg8 30. Rd1 Qg3 31. Rd2 Ne7 32. Nc1 Neg6 33. Ne2 Qe1+ 34. Kh2
Qh4+ 35. Kg1 Qe1+ 36. Kh2 Nh4 37. g3 Qxd2 0-1

[Event "TCh-RUS Women 2020"]
[Site "Sochi RUS"]
[Date "2020.11.27"]
[Round "8.2"]
[Board "2"]
[White "Badelka, Olga"]
[Black "Zhurova, Anna"]
[Result "1-0"]
[WhiteTitle "IM"]
[WhiteElo "2427"]
[BlackElo "2078"]
[WhiteTeam "Yugra (KhMAO-Yugra)"]
[BlackTeam "Turbonasos (Voronezhskaya oblast)"]
[WhiteFideId "13509926"]
[BlackFideId "54113075"]
[EventDate "2020.11.19"]

1. d4 c5 2. d5 f5 3. c4 g6 4. Nc3 Bg7 5. Qc2 Nf6 6. g3 O-O 7. Bg2 d6 8. Nh3 Na6
9. Nf4 Nc7 10. h4 Qe8 11. a4 Rb8 12. O-O b6 13. Nb5 Rb7 14. Ra3 a6 15. Nxc7 Rxc7
16. Ne6 Bxe6 17. dxe6 Qc8 18. Rb3 Qxe6 19. Rxb6 Qc8 20. a5 Nh5 21. e3 Kh8 22.
Bd2 e5 23. Rxd6 f4 24. exf4 exf4 25. Qd3 Rcf7 26. Rc6 Qb8 27. Rb6 Qc8 28. Rc6
Qb8 29. Rb6 Qc8 30. Bc3 f3 31. Bxg7+ Kxg7 32. Bh1 Qh3 33. Qd6 Kh6 34. Qe6 Qxe6
35. Rxe6 Rb7 36. Rb1 Rb3 37. Rxa6 Nf6 38. Rb6 Rd3 39. a6 Ng4 40. a7 Ra8 41. Rb7
Ne5 42. Re1 Nc6 43. Rc7 Nd4 1-0

[Event "TCh-RUS Women 2020"]
[Site "Sochi RUS"]
[Date "2020.11.27"]
[Round "8.2"]
[Board "3"]
[White "Shestakova, Ekaterina"]
[Black "Guseva, Marina"]
[Result "0-1"]
[BlackTitle "IM"]
[WhiteElo "1966"]
[BlackElo "2352"]
[WhiteTeam "Turbonasos (Voronezhskaya oblast)"]
[BlackTeam "Yugra (KhMAO-Yugra)"]
[WhiteFideId "34166383"]
[BlackFideId "4149351"]
[EventDate "2020.11.19"]

1. e4 c5 2. c3 d5 3. exd5 Qxd5 4. d4 Nf6 5. Nf3 Bg4 6. Be2 e6 7. O-O Nc6 8. h3
Bh5 9. Be3 cxd4 10. Nxd4 Bxe2 11. Qxe2 Be7 12. Rd1 O-O 13. c4 Nxd4 14. Bxd4 Qc6
15. Nd2 Rfc8 16. b3 a6 17. Nf3 b5 18. Ne5 Qb7 19. Rac1 bxc4 20. Nxc4 Nd5 21. Qg4
g6 22. Qf3 Qb5 23. Bb2 Rf8 24. Ne5 Bg5 25. Rc4 Rae8 26. Nc6 f6 27. Nd4 Qb7 28.
Ba3 Rf7 29. Qg4 e5 30. Nc6 h5 31. Qf3 Nf4 32. Kh2 e4 33. Qc3 Nd3 34. Bd6 Nxf2
35. Re1 e3 36. Qc2 Qd7 37. Bg3 Kh7 38. Bxf2 exf2 39. Qxf2 Qd6+ 40. Kh1 Rxe1+ 41.
Qxe1 f5 42. Qe2 Rd7 43. Qf3 Qd2 44. Qg3 Be3 45. Qe5 f4 0-1

[Event "TCh-RUS Women 2020"]
[Site "Sochi RUS"]
[Date "2020.11.27"]
[Round "8.2"]
[Board "4"]
[White "Kovanova, Baira"]
[Black "Lesnykh, Zhanna"]
[Result "1-0"]
[WhiteTitle "WGM"]
[WhiteElo "2323"]
[BlackElo "1755"]
[WhiteTeam "Yugra (KhMAO-Yugra)"]
[BlackTeam "Turbonasos (Voronezhskaya oblast)"]
[WhiteFideId "4164083"]
[BlackFideId "44146957"]
[EventDate "2020.11.19"]

1. d4 f5 2. c4 Nf6 3. Nc3 g6 4. Nf3 Bg7 5. g3 O-O 6. Bg2 d6 7. O-O Nc6 8. d5 Na5
9. Qd3 c5 10. b3 a6 11. Rb1 b6 12. Bg5 Rb8 13. Rfe1 Bd7 14. e4 fxe4 15. Nxe4 b5
16. Nh4 Be8 17. Bd2 Ng4 18. Nf3 Bd7 19. h3 Nh6 20. Bc3 Nf5 21. Neg5 Bxc3 22.
Qxc3 Ng7 23. cxb5 axb5 24. Qe3 Bf5 25. Rbd1 Rb7 26. g4 Bc8 27. Ne6 Bxe6 28. dxe6
Rb8 29. Qh6 Ne8 30. Ng5 Nf6 31. Nxh7 Nxh7 32. Qxg6+ Kh8 33. Be4 Nf6 34. Rd5 Rf7
35. exf7 e5 36. Qh6+ 1-0

[Event "TCh-RUS Women 2020"]
[Site "Sochi RUS"]
[Date "2020.11.27"]
[Round "8.3"]
[Board "1"]
[White "Bodnaruk, Anastasia"]
[Black "Getman, Tatyana"]
[Result "1-0"]
[WhiteTitle "IM"]
[BlackTitle "WFM"]
[WhiteElo "2414"]
[BlackElo "2303"]
[WhiteTeam "SShOR ShSh-1 (g.Sankt-Peterburg)"]
[BlackTeam "SShOR ShSh-2 (g.Sankt-Peterburg)"]
[WhiteFideId "4181751"]
[BlackFideId "34166146"]
[EventDate "2020.11.19"]

1. e4 c5 2. Nc3 d6 3. f4 g6 4. Nf3 Bg7 5. Bb5+ Bd7 6. Bc4 Nc6 7. O-O a6 8. e5 h6
9. d3 Na5 10. Qe2 Bc6 11. f5 d5 12. fxg6 fxg6 13. Nh4 dxc4 14. Nxg6 Rh7 15. Be3
Qc7 16. Nf8 O-O-O 17. Nxh7 Qxe5 18. Rf7 Bd7 19. Qf2 Be8 20. Rf5 Qd6 21. Rd5 Qg6
22. Rxd8+ Kxd8 23. Bxc5 Nc6 24. Nf8 Qf7 25. Rf1 Nf6 26. Bb6+ Kc8 27. Qf5+ Nd7
28. Qxd7+ Bxd7 29. Rxf7 1-0

[Event "TCh-RUS Women 2020"]
[Site "Sochi RUS"]
[Date "2020.11.27"]
[Round "8.3"]
[Board "3"]
[White "Belenkaya, Dina"]
[Black "Pogorelskikh, Sofia"]
[Result "1-0"]
[WhiteTitle "WGM"]
[WhiteElo "2283"]
[BlackElo "2128"]
[WhiteTeam "SShOR ShSh-1 (g.Sankt-Peterburg)"]
[BlackTeam "SShOR ShSh-2 (g.Sankt-Peterburg)"]
[WhiteFideId "24142654"]
[BlackFideId "44164548"]
[EventDate "2020.11.19"]

1. e4 c5 2. Nf3 Nc6 3. Bb5 g6 4. O-O Bg7 5. Re1 e5 6. Bxc6 dxc6 7. d3 Qe7 8. h3
Nh6 9. a3 O-O 10. b4 f6 11. Bd2 Re8 12. Bc3 Be6 13. Nbd2 Nf7 14. Qc1 Nd8 15. Qb2
Bf7 16. Reb1 Ne6 17. Nb3 Nd4 18. Nfd2 Nxb3 19. Nxb3 c4 20. dxc4 Bxc4 21. a4 b6
22. Nd2 Bf7 23. Nf1 Red8 24. f3 Bh6 25. Be1 Bc4 26. Qc3 Bxf1 27. Kxf1 Qe6 28.
Rd1 Rd6 29. Rxd6 Qxd6 30. Bf2 Bf8 31. a5 b5 32. a6 Qxb4 33. Qxc6 Rd8 34. Qxf6
Qc4+ 35. Kg1 Rd2 36. Qxe5 Qxc2 37. Qe6+ Kg7 38. Qe5+ Kg8 39. Be3 Rxg2+ 40. Kh1
Kf7 41. Rc1 Qa2 42. Rc7+ Kg8 43. Bd4 1-0

[Event "TCh-RUS Women 2020"]
[Site "Sochi RUS"]
[Date "2020.11.27"]
[Round "8.3"]
[Board "4"]
[White "Yurasova, Daria"]
[Black "Styazhkina, Anna"]
[Result "0-1"]
[BlackTitle "WIM"]
[WhiteElo "2075"]
[BlackElo "2319"]
[WhiteTeam "SShOR ShSh-2 (g.Sankt-Peterburg)"]
[BlackTeam "SShOR ShSh-1 (g.Sankt-Peterburg)"]
[WhiteFideId "34146919"]
[BlackFideId "24119300"]
[EventDate "2020.11.19"]

1. c4 e5 2. g3 Nf6 3. Bg2 d5 4. cxd5 Nxd5 5. Nc3 Nb6 6. e3 Nc6 7. Nge2 Bf5 8. d4
exd4 9. Nxd4 Nxd4 10. exd4 c6 11. O-O Be6 12. d5 Nxd5 13. Nxd5 cxd5 14. Qd4 Qb6
15. Qe5 Qd6 16. Qe2 Qd7 17. Bf4 Bc5 18. Rac1 Bb6 19. Rfd1 O-O 20. Qd3 Rad8 21.
Rd2 Ba5 22. Rdd1 Rfe8 23. Qa3 Bb6 24. Rd2 h6 25. Qf3 Rc8 26. Rxc8 Rxc8 27. h3
Qa4 28. b3 Qa3 29. Qe2 Rd8 30. Qb5 Qc1+ 31. Kh2 Qc6 32. Qd3 Qd7 33. Be5 d4 34.
h4 Bf5 35. Qf3 d3 36. b4 Re8 37. Qf4 Bg6 38. Bf3 Qb5 39. h5 Bh7 40. Bb2 a5 41.
a3 Bd8 42. Rd1 Bg5 43. Qc7 d2 44. Qc3 f6 45. Rxd2 Bxd2 46. Qxd2 axb4 47. axb4
Be4 48. Be2 Qf5 49. Qd4 Bd5 50. Bg4 Re1 51. Qd1 Qxf2+ 0-1

[Event "TCh-RUS Women 2020"]
[Site "Sochi RUS"]
[Date "2020.11.27"]
[Round "8.4"]
[Board "1"]
[White "Grigorieva, Yulia"]
[Black "Gritsayeva, Oksana"]
[Result "1/2-1/2"]
[WhiteTitle "WFM"]
[BlackTitle "WFM"]
[WhiteElo "2343"]
[BlackElo "2351"]
[WhiteTeam "SK Tolpar (Respublika Bashkortostan)"]
[BlackTeam "Kimmeriya (Respublika Krym)"]
[WhiteFideId "34104868"]
[BlackFideId "14104652"]
[EventDate "2020.11.19"]

1. d4 Nf6 2. c4 g6 3. Nc3 d5 4. cxd5 Nxd5 5. e4 Nxc3 6. bxc3 Bg7 7. Nf3 c5 8.
Be3 Nc6 9. Rc1 Qa5 10. Be2 cxd4 11. Nxd4 Nxd4 12. Bxd4 O-O 13. Bxg7 Kxg7 14. O-O
Be6 15. Bc4 Rfd8 16. Qb3 Bxc4 17. Qxc4 Rac8 18. Qb4 Qxb4 19. cxb4 Rxc1 20. Rxc1
Rd4 21. a3 Rxe4 22. g3 b6 23. Rc7 a5 24. bxa5 bxa5 25. Ra7 Ra4 26. Rxe7 Rxa3 27.
Ra7 g5 28. g4 a4 29. Kg2 Ra1 30. Kf3 a3 31. Ke4 h6 32. Ra6 Kf8 33. Ra7 Kg7 34.
Ra6 Re1+ 35. Kf3 Rh1 36. Rxa3 Rxh2 37. Kg3 Rh1 38. Kg2 Rb1 39. Ra4 Rb2 40. Kg3
Rb3+ 41. f3 Kg6 42. Rc4 f6 43. Rc6 Rb4 44. Ra6 Rf4 45. Rb6 h5 46. gxh5+ Kxh5 47.
Rb8 Ra4 48. Rb5 Kg6 49. Rb6 Ra3 50. Kg4 Ra1 51. Kg3 Re1 52. Kf2 Re5 53. Kg3 Kf5
54. Ra6 Re6 55. Ra5+ Kg6 56. Kg4 Re1 57. Kg3 f5 58. Kf2 Rb1 59. Ra2 Rd1 60. Rb2
Kh5 61. Rb8 Rd2+ 62. Kg3 f4+ 63. Kh3 Rf2 64. Rb3 Kg6 65. Ra3 Kf6 66. Rb3 Ke6 67.
Ra3 Ke5 68. Rb3 Kd4 69. Ra3 Rd2 70. Kg4 Rg2+ 71. Kf5 Rg3 72. Rb3 Kc4 73. Ra3 Rg1
74. Ke4 Re1+ 75. Kf5 Rg1 76. Ke4 Kb4 77. Rd3 Kc4 78. Ra3 Rg3 79. Kf5 Kd4 80. Rb3
Rg1 81. Ra3 Rg2 82. Rb3 1/2-1/2

[Event "TCh-RUS Women 2020"]
[Site "Sochi RUS"]
[Date "2020.11.27"]
[Round "8.4"]
[Board "2"]
[White "Tomilova, Elena"]
[Black "Baiburina, Kamilla"]
[Result "1-0"]
[WhiteTitle "WGM"]
[WhiteElo "2358"]
[BlackElo "1805"]
[WhiteTeam "Kimmeriya (Respublika Krym)"]
[BlackTeam "SK Tolpar (Respublika Bashkortostan)"]
[WhiteFideId "4162340"]
[BlackFideId "34109584"]
[EventDate "2020.11.19"]

1. d4 e6 2. e4 d5 3. Nd2 c5 4. c3 Nf6 5. e5 Nfd7 6. Bd3 Nc6 7. Ne2 Be7 8. O-O
O-O 9. a3 f5 10. exf6 Nxf6 11. Nf3 Bd6 12. Bf4 Bxf4 13. Nxf4 Qd6 14. g3 e5 15.
dxe5 Nxe5 16. Nxe5 Qxe5 17. Re1 Qd6 18. Bc4 Bg4 19. Bxd5+ Nxd5 20. Qxd5+ Qxd5
21. Nxd5 Rad8 22. c4 Rfe8 23. f4 Re2 24. Rxe2 Bxe2 25. b3 Kf7 26. Re1 Re8 27.
Nc7 Re7 28. Nb5 Bf3 29. Rxe7+ Kxe7 30. Nxa7 Kd7 31. Kf2 Bd1 32. b4 Bb3 33. bxc5
Bxc4 34. Ke3 Kc7 35. Kd4 Be2 36. a4 Bd1 37. Nb5+ Kc6 38. Nc3 Bb3 39. f5 Bc2 40.
g4 Kd7 41. a5 Kc6 42. Kc4 Kc7 43. Nb5+ Kd7 44. Nd6 1-0

[Event "TCh-RUS Women 2020"]
[Site "Sochi RUS"]
[Date "2020.11.27"]
[Round "8.4"]
[Board "3"]
[White "Idrisova, Roza"]
[Black "Potapova, Margarita"]
[Result "1/2-1/2"]
[WhiteTitle "WFM"]
[BlackTitle "WIM"]
[WhiteElo "1960"]
[BlackElo "2266"]
[WhiteTeam "SK Tolpar (Respublika Bashkortostan)"]
[BlackTeam "Kimmeriya (Respublika Krym)"]
[WhiteFideId "4146662"]
[BlackFideId "14126869"]
[EventDate "2020.11.19"]

1. d4 Nf6 2. Nf3 g6 3. c4 Bg7 4. Nc3 d5 5. cxd5 Nxd5 6. e4 Nxc3 7. bxc3 c5 8.
Bb5+ Nc6 9. O-O O-O 10. Be3 Bg4 11. Bxc6 bxc6 12. Rc1 Rb8 13. Rc2 Qa5 14. h3 Be6
15. Qe2 Qa4 16. c4 cxd4 17. Nxd4 Bc8 18. Nb3 Re8 19. Rd1 f5 20. Nc5 Qa5 21. f3
Qc7 22. Bf2 fxe4 23. Nxe4 Bf5 24. Rcd2 Bh6 25. Rd4 Bg7 26. R4d2 Bh6 27. Rd4 Bg7 1/2-1/2

[Event "TCh-RUS Women 2020"]
[Site "Sochi RUS"]
[Date "2020.11.27"]
[Round "8.4"]
[Board "4"]
[White "Illina, Natalia"]
[Black "Absalyamova, Karina"]
[Result "1-0"]
[WhiteTitle "WFM"]
[WhiteElo "2072"]
[BlackElo "1884"]
[WhiteTeam "Kimmeriya (Respublika Krym)"]
[BlackTeam "SK Tolpar (Respublika Bashkortostan)"]
[WhiteFideId "14129418"]
[BlackFideId "24111732"]
[EventDate "2020.11.19"]

1. e4 e6 2. d3 d5 3. Nd2 Ne7 4. g3 g6 5. Bg2 Bg7 6. Ngf3 O-O 7. O-O c5 8. Re1
Nbc6 9. Qe2 b6 10. Nf1 Ba6 11. e5 Nf5 12. c3 h6 13. h4 Kh7 14. Bf4 Rc8 15. Rad1
b5 16. N1h2 b4 17. h5 g5 18. Bc1 Qa5 19. g4 Nfe7 20. c4 Qc7 21. b3 Rcd8 22. Qc2
Kg8 23. Bb2 d4 24. Qe2 Nc8 25. Bc1 Qe7 26. Nxg5 Nxe5 27. f4 f6 28. Nh3 Nf7 29.
Qxe6 Qxe6 30. Rxe6 Ncd6 31. Bd5 Bc8 32. Re7 Rfe8 33. Rde1 Kf8 34. Rxe8+ Rxe8 35.
Rxe8+ Kxe8 36. Kf2 Ke7 37. Kg3 a6 38. Nf3 Nd8 39. Nh4 Ne6 40. Ng6+ Kd7 41. Nf2
Nc7 42. Bf3 Ke6 43. Ne4 Nxe4+ 44. Bxe4 Bd7 45. Bf5+ Kd6 46. Bxd7 Kxd7 47. Nh4
Ne6 48. Kf3 Bf8 49. Ke4 Bd6 50. Nf5 Bf8 51. Bd2 Ng7 52. Nxg7 Bxg7 53. Kf5 Ke7
54. Kg6 Bf8 55. f5 Kd6 56. Kf7 Be7 57. Bxh6 Bd8 58. Bf4+ Kd7 59. h6 1-0

[Event "TCh-RUS Women 2020"]
[Site "Sochi RUS"]
[Date "2020.11.27"]
[Round "8.5"]
[Board "1"]
[White "Protopopova, Anastasiya"]
[Black "Elnikova, Milena"]
[Result "1-0"]
[WhiteTitle "WFM"]
[WhiteElo "2267"]
[BlackElo "1435"]
[WhiteTeam "Moskovskaya oblast"]
[BlackTeam "NIU BelGU (Belgorodskaya oblast)"]
[WhiteFideId "24172073"]
[BlackFideId "54151503"]
[EventDate "2020.11.19"]

1. d4 Nf6 2. c4 g6 3. Nc3 Bg7 4. e4 d6 5. h3 O-O 6. Be3 e5 7. d5 Ne8 8. g4 f5 9.
gxf5 gxf5 10. exf5 Bxf5 11. Nge2 Qh4 12. Ng3 Bg6 13. Qg4 Qe7 14. h4 Qd7 15. Qd1
Nf6 16. h5 Bf7 17. Bd3 Ng4 18. Bf5 Nxe3 19. fxe3 Qe7 20. Nce4 Nd7 21. Qg4 Nf6
22. Nxf6+ Qxf6 23. h6 Bg6 24. hxg7 Qxg7 25. Bxg6 Qxg6 26. Qxg6+ hxg6 27. Ke2 Rf7
28. Rh6 Rg7 29. Rah1 Kf7 30. Rh8 Rag8 31. Ne4 g5 32. Rf1+ Ke7 33. Rxg8 Rxg8 34.
Rg1 g4 35. Rg3 c6 36. Nf2 cxd5 37. cxd5 Rc8 38. Kd2 Rc5 39. e4 a5 40. Rxg4 b5
41. Rg7+ Kd8 42. Ng4 Rc4 43. Nf6 Rd4+ 44. Kc2 Rc4+ 45. Kb1 Rc7 46. Rxc7 Kxc7 47.
a4 b4 48. Kc2 Kd8 49. Kd3 Ke7 50. Ng4 1-0

[Event "TCh-RUS Women 2020"]
[Site "Sochi RUS"]
[Date "2020.11.27"]
[Round "8.5"]
[Board "2"]
[White "Gubernatorova, Lyudmila"]
[Black "Lysenko, Margarita"]
[Result "1-0"]
[BlackTitle "WFM"]
[WhiteElo "2200"]
[BlackElo "2237"]
[WhiteTeam "NIU BelGU (Belgorodskaya oblast)"]
[BlackTeam "Moskovskaya oblast"]
[WhiteFideId "4123840"]
[BlackFideId "34100200"]
[EventDate "2020.11.19"]

1. d4 Nf6 2. c4 e6 3. Nf3 b6 4. Nc3 Bb7 5. Bg5 h6 6. Bh4 g5 7. Bg3 Nh5 8. Be5 f6
9. Bg3 Bg7 10. Qc2 O-O 11. e3 Nxg3 12. hxg3 f5 13. Rh2 Nc6 14. O-O-O Nb4 15. Qb3
c5 16. Be2 Be4 17. Ne1 a5 18. a3 a4 19. Nxa4 Na2+ 20. Qxa2 Rxa4 21. Qb3 Qa8 22.
f3 Bc6 23. d5 Bxd5 24. cxd5 c4 25. Bxc4 Rxc4+ 26. Kb1 exd5 27. Nd3 b5 28. Nb4 d4
29. exd4 d5 30. Rhh1 Qd8 31. Rhe1 Qd6 32. Qe3 Kh8 33. Qe6 Qxg3 34. Nxd5 Rd8 35.
Ne7 Qxg2 36. Ng6+ Kh7 37. Qxf5 Qc2+ 38. Qxc2 Rxc2 39. Kxc2 Kxg6 40. d5 h5 41. d6
Bf6 42. d7 Kf7 43. Re2 1-0

[Event "TCh-RUS Women 2020"]
[Site "Sochi RUS"]
[Date "2020.11.27"]
[Round "8.5"]
[Board "3"]
[White "Sudakova, Irina"]
[Black "Dorokhina, Elizaveta"]
[Result "1-0"]
[WhiteTitle "WGM"]
[WhiteElo "2288"]
[BlackElo "1824"]
[WhiteTeam "Moskovskaya oblast"]
[BlackTeam "NIU BelGU (Belgorodskaya oblast)"]
[WhiteFideId "4129903"]
[BlackFideId "44172966"]
[EventDate "2020.11.19"]

1. e4 e6 2. d4 d5 3. Bd3 dxe4 4. Bxe4 Nf6 5. Bf3 c5 6. Ne2 Nc6 7. Be3 Nd5 8.
Bxd5 Qxd5 9. Nbc3 Qxg2 10. Rg1 Qf3 11. Nb5 cxd4 12. Nc7+ Ke7 13. Bxd4 b6 14.
Nxa8 Ba6 15. Bc3 f6 16. Qd2 Kf7 17. Qe3 Bxe2 18. Qxe2 Qf4 19. Qg4 Qb8 20. O-O-O
Qxa8 21. Rd7+ Ne7 22. Bxf6 Qc6 23. Rxe7+ 1-0

[Event "TCh-RUS Women 2020"]
[Site "Sochi RUS"]
[Date "2020.11.27"]
[Round "8.5"]
[Board "4"]
[White "Tinina, Kristina"]
[Black "Lukina, Aleksandra"]
[Result "0-1"]
[BlackTitle "WFM"]
[WhiteElo "1678"]
[BlackElo "2060"]
[WhiteTeam "NIU BelGU (Belgorodskaya oblast)"]
[BlackTeam "Moskovskaya oblast"]
[WhiteFideId "54113105"]
[BlackFideId "24102270"]
[EventDate "2020.11.19"]

1. e4 e6 2. d4 d5 3. exd5 exd5 4. Nc3 Nf6 5. Bf4 c6 6. Bd3 Qb6 7. Nge2 Qxb2 8.
Rb1 Qa3 9. O-O Bb4 10. Rb3 Qa5 11. a3 Bxa3 12. Ng3 O-O 13. Nb1 Bb4 14. Nf5 Ne4
15. Qg4 Bxf5 16. Qxf5 g6 17. Qh3 b5 18. Bh6 Re8 19. f4 Be7 20. Bxe4 dxe4 21. f5
Qd8 22. Rg3 Qxd4+ 23. Be3 Qe5 24. fxg6 hxg6 25. Qh6 Qg7 26. Qf4 Nd7 27. Kh1 Bc5
28. Bd2 Bd4 29. Rh3 Nf6 30. Qh4 e3 31. Qxd4 exd2 32. Rhf3 Rad8 33. Qg1 Re6 34.
R3f2 Ne4 35. Nxd2 Rxd2 36. Rxf7 Qxf7 37. Rxf7 Kxf7 38. Qxa7+ Kf6 39. Qa1+ Kf5
40. h3 Rd1+ 0-1

[Event "TCh-RUS Women 2020"]
[Site "Sochi RUS"]
[Date "2020.11.27"]
[Round "8.6"]
[Board "1"]
[White "Goltseva, Ekaterina"]
[Black "Afonasieva, Anna"]
[Result "1-0"]
[WhiteTitle "FM"]
[BlackTitle "WIM"]
[WhiteElo "2306"]
[BlackElo "2316"]
[WhiteTeam "FShNO (Nizhegorodskaya oblast)"]
[BlackTeam "Achimgaz QNAO (QNAO)"]
[WhiteFideId "24173770"]
[BlackFideId "24173606"]
[EventDate "2020.11.19"]

1. c4 c6 2. d4 d5 3. cxd5 cxd5 4. Bf4 Nc6 5. e3 Nf6 6. Nc3 Bf5 7. Qb3 Na5 8.
Qa4+ Bd7 9. Qc2 e6 10. Nf3 Rc8 11. Bd3 Bb4 12. O-O O-O 13. Ne5 h6 14. h3 Qe7 15.
Rfc1 a6 16. Qe2 Rfd8 17. Bg3 Be8 18. Bh4 g5 19. Bg3 Nc6 20. f4 Nd7 21. Ng4 Qf8
22. fxg5 hxg5 23. h4 gxh4 24. Bxh4 Be7 25. Bxe7 Nxe7 26. e4 dxe4 27. Qxe4 Qg7
28. Rf1 Nf5 29. Nd5 exd5 30. Qxf5 Qxd4+ 31. Rf2 Qg7 32. Re1 Rc6 33. Rxe8+ Rxe8
34. Qxd7 Re1+ 35. Kh2 Kf8 36. Qxd5 Ree6 37. Bf5 Red6 38. Qf3 Qg5 39. Qg3 Rd1 40.
Qb8+ Rd8 41. Qg3 Rdd6 42. Ne5 Qxg3+ 43. Kxg3 Rc7 44. Bc2 f6 45. Ng4 Kg7 46. Ne3
Rd8 47. Nf5+ Kf7 48. Bb3+ Kg6 49. Kf4 Rcd7 50. Bc2 Kf7 51. Rf3 Rd2 52. Bb3+ Ke8
53. Re3+ Kd7 54. g4 Kc8 55. Re6 Rf8 56. Nd6+ Kd7 57. Ne4 Rxb2 58. Nxf6+ Kd8 59.
g5 a5 60. g6 Rg2 61. Kf5 b5 62. Bd5 Rg1 63. Rd6+ Kc8 64. Be6+ Kb8 65. Bf7 Rh8
66. Rd4 Rh2 67. Rg4 Rf2+ 68. Kg5 1-0

[Event "TCh-RUS Women 2020"]
[Site "Sochi RUS"]
[Date "2020.11.27"]
[Round "8.6"]
[Board "2"]
[White "Semenova, Elena1"]
[Black "Vifleemskaia, Svetlana"]
[Result "1-0"]
[WhiteTitle "WIM"]
[BlackTitle "WFM"]
[WhiteElo "2299"]
[BlackElo "1911"]
[WhiteTeam "Achimgaz QNAO (QNAO)"]
[BlackTeam "FShNO (Nizhegorodskaya oblast)"]
[WhiteFideId "24125148"]
[BlackFideId "4129490"]
[EventDate "2020.11.19"]

1. e4 e5 2. Nf3 Nf6 3. Nc3 Nc6 4. Bb5 Bd6 5. O-O a6 6. Bc4 Bc5 7. d3 h6 8. Be3
d6 9. Nd5 O-O 10. a3 Ng4 11. Bxc5 dxc5 12. b4 b5 13. Bb3 cxb4 14. Nxb4 Nxb4 15.
axb4 Qd6 16. Qd2 Be6 17. Bxe6 Qxe6 18. Qc3 f5 19. Rfe1 fxe4 20. Rxe4 Rf4 21. h3
Rxe4 22. dxe4 Nf6 23. Qxc7 Rc8 24. Qb7 Rc6 25. Nh4 Nxe4 26. Re1 Nf6 27. Nf5 Qxf5
28. Qxc6 e4 29. Qxa6 Qd5 30. Qc8+ Kh7 31. Qc5 Qd7 32. Ra1 Qd2 33. Qf5+ Kg8 34.
Qg6 Qd5 35. Ra7 Qd1+ 36. Kh2 Qd6+ 37. Qg3 Qf8 38. Rb7 Kh7 39. Rxb5 Qe7 40. Qe5
Qd7 41. Qf5+ 1-0

[Event "TCh-RUS Women 2020"]
[Site "Sochi RUS"]
[Date "2020.11.28"]
[Round "9.1"]
[Board "1"]
[White "Kochukova, Anna"]
[Black "Kovalevskaya, Ekaterina"]
[Result "1/2-1/2"]
[WhiteTitle "WFM"]
[BlackTitle "IM"]
[WhiteElo "2111"]
[BlackElo "2386"]
[WhiteTeam "Turbonasos (Voronezhskaya oblast)"]
[BlackTeam "FShM (Moskva)"]
[WhiteFideId "24173932"]
[BlackFideId "4116704"]
[EventDate "2020.11.19"]

1. e4 c5 2. c3 d5 3. exd5 Qxd5 4. d4 Nf6 5. Nf3 Nc6 6. Na3 Bg4 7. Be2 O-O-O 8.
O-O cxd4 9. Nxd4 Bxe2 10. Qxe2 e6 11. Nab5 Bc5 12. Be3 a6 13. Nxc6 Qxc6 14. Na7+
Bxa7 15. Bxa7 Qe4 16. Qxe4 Nxe4 17. Rfd1 Rxd1+ 18. Rxd1 Rd8 19. Rxd8+ Kxd8 20.
f3 Nd6 21. Kf2 Kc7 22. Be3 Kc6 23. Ke2 Kd5 24. b3 b5 25. Kd3 e5 26. a4 f5 27.
axb5 axb5 28. Ba7 g6 29. Bb8 Nb7 30. c4+ bxc4+ 31. bxc4+ Ke6 32. Kc3 Na5 33. Ba7
Nc6 34. Be3 Kd6 35. Kb3 f4 36. Bf2 e4 37. fxe4 Ke5 38. Ka4 Kxe4 39. Kb5 Ne5 40.
c5 Kd5 41. Bh4 f3 42. gxf3 Nxf3 43. Bf6 Nd2 44. c6 Ke6 45. Bd8 Ne4 46. Kb6 Nd6
47. Bc7 Nc8+ 48. Kb7 Ne7 49. Bf4 Kf5 50. Bd6 Nxc6 51. Kxc6 g5 52. Kd5 h5 53. Kd4
h4 54. Ke3 Kg4 55. Kf2 Kh3 1/2-1/2

[Event "TCh-RUS Women 2020"]
[Site "Sochi RUS"]
[Date "2020.11.28"]
[Round "9.1"]
[Board "2"]
[White "Bivol, Alina"]
[Black "Zhurova, Anna"]
[Result "1-0"]
[WhiteTitle "WGM"]
[WhiteElo "2373"]
[BlackElo "2078"]
[WhiteTeam "FShM (Moskva)"]
[BlackTeam "Turbonasos (Voronezhskaya oblast)"]
[WhiteFideId "4100123"]
[BlackFideId "54113075"]
[EventDate "2020.11.19"]

1. e4 c5 2. Nf3 g6 3. d4 cxd4 4. Qxd4 Nf6 5. Nc3 Nc6 6. Qa4 d6 7. e5 dxe5 8.
Nxe5 Qd4 9. Nxc6 Qxa4 10. Nxa4 bxc6 11. Be3 e5 12. Bc4 Nd5 13. Bc5 Bh6 14. Ba3
Bf5 15. Bb3 f6 16. O-O Kf7 17. Rad1 Rhd8 18. Nc5 Bg4 19. Rde1 Bf8 20. f4 exf4
21. Rxf4 Bxc5+ 22. Bxc5 Be6 23. Rfe4 Re8 24. c4 Nc7 25. Bd6 Na6 26. a3 f5 27.
Rxe6 Rxe6 28. c5 Re8 29. Bc4 Kf6 30. Rxe6+ Rxe6 31. Bxa6 Re1+ 32. Kf2 Rb1 33. b4
Ke6 34. Bc4+ Kf6 35. b5 cxb5 36. c6 Rc1 37. Bd5 a5 38. Ke2 b4 39. Kd2 Rc3 40.
axb4 1-0